000 00627nam a2200193Ia 4500
003 GCL
008 140319s9999 xx 000 0 ara d
040 _aGCL /
_cGCL
082 0 4 _a638.1
_bم ت
100 1 _aمعهد بحوث وقاية النبات
245 1 0 _aتربية النحل /
_cمعهد بحوث وقاية النبات
700 1 _aمركز البحوث الزراعية
260 _a[S.N] :
_bمصلحة الثقافة الزراعية
300 _a48 ص
490 _aالهيئة العامة للاستعلامات
_v0
650 0 4 _aالنحل
650 0 4 _aالنحل- تربية
942 _2ddc
_cBK
999 _c57893
_d57893